000 00446nam a2200157Ia 4500
008 210210b1990 xxu||||| |||| 00| 0 eng d
020 _a0 333 34480 4
082 _a820.9 DYSG
100 _aDYSON (A E), Ed.
245 _aGothick Novel:a casebook ed by Victor Sage.
260 _aLondon
_bMacmillan Press Ltd
_c1990
300 _a190
650 _aThe Gothick Novel Critical Essays Case Book
690 _aEnglish Criticism
906 _a056043
999 _c103407
_d103407